000 00807cab a2200241 4500
001 WB3411-41
008 090401t1998 xxu||||| |||| 00| 0 eng d
035 _a(Sirsi) u85022
041 _aeng
245 _aWorld prices
260 _c1998
350 _a0
490 _aSunday Business
_v16 March 1998, 29(1)
520 _aKnight Frank has used a `property clock` to interpret where key international residential markets are in the property cycle. New York is currently at the top of the cycle with the Far East at the bottom.
650 _aECONOMIC CYCLE
650 _aINTERNATIONAL PROPERTY
650 _aKNIGHT FRANK
650 _aPROPERTY CYCLE
650 _aRESIDENTIAL MARKET
690 _aPROPERTY-RESIDENTIAL PROPERTY-RESIDENTIAL PROPERTY MARKET
942 _n0
948 _c18/03/1998
999 _c53446
_d53446